ბათუმის შოთა რუსთაველის სახელმწიფო უნივერსიტეტის ბიბლიოთეკა

მათემატიკური ფიზიკის დიფერენციალურ განტოლებათა თეორიის ელემენტები : (ბიბ.ჩანაწერი № 38465)

000 -ლიდერი
ფიქსირებული სიგრძის საკონტროლო ველი 01219nam a2200241Ia 4500
001 - საკონტროლო ნომერი
საკონტროლო ველი 4477
003 - საკონტროლო ნომრის იდენტიფიკატორი
საკონტროლო ველი GE_BSU
005 - ბოლო ოპერაციის თარიღი და დრო
საკონტროლო ველი 20190520154437.0
008 - ფიქსირებული სიგრძის მონაცემთა ელემენტები - ზოგადი ინფორმაცია
ფიქსირებული სიგრძის საკონტროლო ველი 181216s1982||||ge |||||||||||||| ||geo||
040 ## - კატალოგიზაციის წყარო
Transcribing agency GE_BSU
041 ## - ენის კოდი
Language code of text/sound track or separate title geo
080 ## - უნივერსალური ათობითი კლასიფიკაციის ინდექსი
Universal Decimal Classification number 51 მ–15
100 ## - მთავარი ჩანაწერი - პიროვნების სახელი
Personal name თოფურია,ს.
9 (RLIN) 1414
245 ## - ცნობა სათაურის შესახებ
Title მათემატიკური ფიზიკის დიფერენციალურ განტოლებათა თეორიის ელემენტები :
Remainder of title დამხმ. სახელმძღ. /
Statement of responsibility, etc ს. თოფურია ; გ. აბესაძე ; გ. ოზბეგაშვილი ; რედ : ე. გიორგაძე.
264 ## - წარმოების, გამოცემის, დისტრიბუციის და სხვა ცნობები
გამოცემის, წარმოების, დისტრიბუციის... ადგილი თბილისი :
გამოცემის, წარმოების, დისტრიბუციის... სახელწოდება სპი,
გამოცემის, წარმოების, დისტრიბუციის... თარიღი 1982.
300 ## - ფიზიკური აღწერა
Extent 76 გვ .:
Dimensions 20 სმ.
653 ## - INDEX TERM--UNCONTROLLED
Uncontrolled term მათემატიკური ფიზიკის დიფერენციალურ განტოლებათა თეორია
653 ## - INDEX TERM--UNCONTROLLED
Uncontrolled term მათემატიკა
700 ## - ADDED ENTRY--PERSONAL NAME
Personal name აბესაძე, გ
9 (RLIN) 1415
700 ## - ADDED ENTRY--PERSONAL NAME
Personal name ოზბეგაშვილი, გ
9 (RLIN) 1416
700 ## - ADDED ENTRY--PERSONAL NAME
Personal name გიორგაძე, ე
Relator term რედაქტორი
9 (RLIN) 398
942 ## - ADDED ENTRY ELEMENTS (KOHA)
Koha item type წიგნი
Source of classification or shelving scheme
ეგზემპლარები
ჩამოწერის სტატუსი დაკარგული ეგზემპლარის სტატუსი კლასიფიკაციის წყარო ან თაროზე გაწყობის სქემა დაზიანების სტატუსი არ გაიცემა მუდმივი მდებარეობა (დაცვის ადგილი) ამჟამინდელი ადგილსამყოფელი თაროზე განთავსების ადგილი შეძენის თარიღი ღირებულება, შესყიდვის ნორმალური ფასი სრული შენახვის შიფრი შტრიხკოდი ბოლო ოპერაციის თარიღი ეგზემპლარის მიმდევრობითი ნომერი (კეტერი?) ფასის ძალაში შესვლის თარიღი ეგზემპლარის სახეობა საჯარო შენიშვნა
          ტექნოლოგიური ფაკულტეტის ბიბლიოთეკა ტექნოლოგიური ფაკულტეტის ბიბლიოთეკა წიგნსაცავი 2018-12-17 0.00 51 მ–15 8787 2018-12-17 8787 2018-12-17 წიგნი 0.24 თ.
          ტექნოლოგიური ფაკულტეტის ბიბლიოთეკა ტექნოლოგიური ფაკულტეტის ბიბლიოთეკა წიგნსაცავი 2018-12-17 0.00 51 მ–15 8788 2018-12-17 8788 2018-12-17 წიგნი 0.24 თ.
          ტექნოლოგიური ფაკულტეტის ბიბლიოთეკა ტექნოლოგიური ფაკულტეტის ბიბლიოთეკა წიგნსაცავი 2018-12-17 0.00 51 მ–15 8789 2018-12-17 8789 2018-12-17 წიგნი 0.24 თ.